ბათუმის შოთა რუსთაველის სახელმწიფო უნივერსიტეტის ბიბლიოთეკა

Начертательная геометрия в свете геометрического моделирования. (ბიბ.ჩანაწერი № 37271)

000 -LEADER
fixed length control field 00655nam a2200217Ia 4500
001 - CONTROL NUMBER
control field 3230
003 - CONTROL NUMBER IDENTIFIER
control field GE_BSU
008 - FIXED-LENGTH DATA ELEMENTS--GENERAL INFORMATION
fixed length control field 181216s||||||||xx |||||||||||||| ||und||
040 ## - CATALOGING SOURCE
Transcribing agency GE_BSU
080 ## - UNIVERSAL DECIMAL CLASSIFICATION NUMBER
Universal Decimal Classification number 514.18(075.8)
100 ## - MAIN ENTRY--PERSONAL NAME
Personal name Джапаридзе,И.С.
245 ## - TITLE STATEMENT
Title Начертательная геометрия в свете геометрического моделирования.
245 ## - TITLE STATEMENT
Remainder of title Учебник.
245 ## - TITLE STATEMENT
Statement of responsibility, etc. Ред.Т.Пайчадзе.
260 ## - PUBLICATION, DISTRIBUTION, ETC.
Place of publication, distribution, etc. Тб.
260 ## - PUBLICATION, DISTRIBUTION, ETC.
Name of publisher, distributor, etc. Ганатлеба.
260 ## - PUBLICATION, DISTRIBUTION, ETC.
Date of publication, distribution, etc. 1983.
300 ## - PHYSICAL DESCRIPTION
Extent 208стр.с илл.
653 ## - INDEX TERM--UNCONTROLLED
Uncontrolled term Начертательная геометрия.
942 ## - ADDED ENTRY ELEMENTS (KOHA)
Koha item type წიგნი
ეგზემპლარები
Withdrawn status Lost status Damaged status Not for loan Date acquired Barcode Date last seen Price effective from Koha item type
        2018-12-17 9078 2018-12-17 2018-12-17 წიგნი
        2018-12-17 9079 2018-12-17 2018-12-17 წიგნი
        2018-12-17 9080 2018-12-17 2018-12-17 წიგნი